Nguyên lý di truyền và chọn giống thực vật

Guardat en:
Dades bibliogràfiques
Autor principal: W Williams
Format: Llibre
Idioma:Undetermined
Publicat: Hà Nội KHKT 1972
Matèries:
Etiquetes: Afegir etiqueta
Sense etiquetes, Sigues el primer a etiquetar aquest registre!
Thư viện lưu trữ: Trung tâm Học liệu Trường Đại học Cần Thơ
LEADER 00495nam a2200169Ia 4500
001 CTU_8727
008 210402s9999 xx 000 0 und d
082 |a 581.15 
082 |b W728 
100 |a W Williams 
245 0 |a Nguyên lý di truyền và chọn giống thực vật 
245 0 |c W Williams, Đặng Văn Viện 
260 |a Hà Nội 
260 |b KHKT 
260 |c 1972 
650 |a genetics,heredity 
980 |a Trung tâm Học liệu Trường Đại học Cần Thơ